00517nam a2200181Ia 450000500170000000800410001704000190005804100120007708200210008910000150011024500870012526000410021230000150025350400220026865000170029070000180030785000100032520230330104429.0131103s9999 xx 000 0 und d aLoreto College aEnglish a822.91bSYN-KAU  aSynge,J.M. aRiders to the sea & the playboy of the western worldcJ.M.Synge;edited by R.K.Kaul aDelhibOxford University Pressc1979 aix,127 p.  aIncludes glossary aEnglish play aKaul,R.K.,ed. aLCLIB